Liar, liar : (Record no. 2543)

MARC details
000 -LEADER
fixed length control field 01539cam a2200433 a 4500
001 - CONTROL NUMBER
control field 2543
003 - CONTROL NUMBER IDENTIFIER
control field FISKH
005 - DATE AND TIME OF LATEST TRANSACTION
control field 20231214155114.0
008 - FIXED-LENGTH DATA ELEMENTS--GENERAL INFORMATION
fixed length control field 100730s2011 nyu c 000 1 eng
010 ## - LIBRARY OF CONGRESS CONTROL NUMBER
LC control number 2010028356
020 ## - INTERNATIONAL STANDARD BOOK NUMBER
International Standard Book Number 9780385740012
020 ## - INTERNATIONAL STANDARD BOOK NUMBER
International Standard Book Number 9780385908177
020 ## - INTERNATIONAL STANDARD BOOK NUMBER
International Standard Book Number 9780375898686
020 ## - INTERNATIONAL STANDARD BOOK NUMBER
International Standard Book Number 9780375866111
020 ## - INTERNATIONAL STANDARD BOOK NUMBER
International Standard Book Number 9780545495301
040 ## - CATALOGING SOURCE
Original cataloging agency DLC
Transcribing agency DLC
Modifying agency DLC
Language of cataloging eng
042 ## - AUTHENTICATION CODE
Authentication code lcac
050 00 - LIBRARY OF CONGRESS CALL NUMBER
Classification number PZ7.P2843
Item number Li 2011
082 00 - DEWEY DECIMAL CLASSIFICATION NUMBER
Classification number 700.1
Edition number 22
100 1# - MAIN ENTRY--PERSONAL NAME
Personal name Paulsen, Gary
245 10 - TITLE STATEMENT
Title Liar, liar :
Remainder of title the theory, practice, and destructive properties of deception /
Statement of responsibility, etc. Gary Paulsen
250 ## - EDITION STATEMENT
Edition statement First Scholastic printing, September 2012
260 ## - PUBLICATION, DISTRIBUTION, ETC.
Place of publication, distribution, etc. New York :
Name of publisher, distributor, etc. Scholastic,
Date of publication, distribution, etc. 2011
300 ## - PHYSICAL DESCRIPTION
Extent 120 pages :
Dimensions 19 cm
500 ## - GENERAL NOTE
General note Companion book to: Vote, Crush, Family ties, and Flat broke.
505 ## - FORMATTED CONTENTS NOTE
Formatted contents note Z
520 ## - SUMMARY, ETC.
Summary, etc. Fourteen-year-old Kevin is very good at lying and doing so makes life easier, but when he finds himself in big trouble with his friends, family, and teachers, he must find a way to end his lies forever.
521 8# - TARGET AUDIENCE NOTE
Target audience note 940
Source Lexile
521 8# - TARGET AUDIENCE NOTE
Target audience note Z
Source Raz-Plus
650 #1 - SUBJECT ADDED ENTRY--TOPICAL TERM
Topical term or geographic name entry element Honesty
Form subdivision Fiction.
650 #1 - SUBJECT ADDED ENTRY--TOPICAL TERM
Topical term or geographic name entry element Interpersonal relations
Form subdivision Fiction.
650 #1 - SUBJECT ADDED ENTRY--TOPICAL TERM
Topical term or geographic name entry element Middle schools
Form subdivision Fiction.
650 #1 - SUBJECT ADDED ENTRY--TOPICAL TERM
Topical term or geographic name entry element Schools
Form subdivision Fiction.
650 #1 - SUBJECT ADDED ENTRY--TOPICAL TERM
Topical term or geographic name entry element Family problems
Form subdivision Fiction.
650 #1 - SUBJECT ADDED ENTRY--TOPICAL TERM
Topical term or geographic name entry element Humorous stories.
906 ## - LOCAL DATA ELEMENT F, LDF (RLIN)
a 7
b cbc
c orignew
d 1
e ecip
f 20
g y-gencatlg
942 ## - ADDED ENTRY ELEMENTS (KOHA)
Source of classification or shelving scheme Dewey Decimal Classification
Koha item type Books
Suppress in OPAC No
Holdings
Withdrawn status Lost status Source of classification or shelving scheme Damaged status Not for loan Collection Home library Current library Shelving location Date acquired Total Checkouts Full call number Barcode Date last seen Price effective from Koha item type
    Dewey Decimal Classification     Fiction Footprints International School Library Network Toul Kork Campus Footprints International School Library Network Toul Kork Campus TTP Secondary Fiction Bookshelves 12/14/2023   PAU 700.1 PZ7.P2843 FISSE02189 12/14/2023 12/14/2023 Books